[Event "Landsholdsklassen"]
[Site "Hillerød"]
[Date "2010.03.27"]
[Round "1"]
[White "Aagaard Madsen, Jacob"]
[Black "Andersen, Mads"]
[Result "1-0"]
[WhiteElo "2535"]
[BlackElo "2332"]
[PlyCount "91"]
[EventDate "2010.03.27"]
[EventRounds "1"]
[EventCountry "DEN"]
[SourceDate "2010.03.24"]

1. e4 c5 2. Nf3 e6 3. d4 cxd4 4. Nxd4 Nc6 5. Nc3 Qc7 6. Be3 a6 7. Qd2 Nf6 8.
O-O-O Bb4 9. f3 O-O 10. g4 Ne5 11. g5 Nh5 12. f4 Bxc3 13. Qxc3 Qxc3 14. bxc3
Ng4 15. Kd2 d6 16. Nb3 e5 17. f5 Nxe3 18. Kxe3 Rd8 19. Na5 g6 20. Be2 Nf4 21.
Bg4 Ng2+ 22. Ke2 Nf4+ 23. Kf2 d5 24. c4 d4 25. Rb1 b5 26. Kg3 Bd7 27. fxg6 Nxg6
28. Nb7 Bxg4 29. Nxd8 Be2 30. Nb7 Bxc4 31. Nd6 Bxa2 32. Rb2 Bc4 33. h4 h5 34.
gxh6 Kh7 35. Kg4 Kxh6 36. Nxc4 bxc4 37. Rb6 Kh7 38. Rb7 Rf8 39. Kf5 d3 40. cxd3
cxd3 41. Rd7 Kh6 42. h5 Nf4 43. Kxe5 Nxh5 44. Rd6+ f6+ 45. Kf5 d2 46. Rxd2 1-0

[Event "Landsholdsklassen"]
[Site "Hillerød"]
[Date "2010.03.27"]
[Round "1"]
[White "Rasmussen, Allan Stig"]
[Black "Bromann, Thorbjørn"]
[Result "1-0"]
[WhiteElo "2484"]
[BlackElo "2439"]
[PlyCount "61"]
[EventDate "2010.03.27"]
[EventRounds "1"]
[EventCountry "DEN"]
[SourceDate "2010.03.24"]

1. e4 e5 2. Nf3 Nc6 3. Bb5 f5 4. Nc3 fxe4 5. Nxe4 Nf6 6. Nxf6+ Qxf6 7. Qe2 Be7
8. Bxc6 dxc6 9. Nxe5 Bf5 10. O-O O-O 11. d4 Bd6 12. f4 Bxe5 13. dxe5 Qg6 14.
Rf2 Rad8 15. Be3 a6 16. Kh1 Rd5 17. h3 Qg3 18. Rf3 Qg6 19. c4 Bd3 20. Qf2 Bxc4
21. f5 Qe8 22. Bd4 Rxe5 23. Qg3 Re7 24. f6 Rd7 25. Bc5 Bd5 26. Re3 Qf7 27. Bxf8
Qxf8 28. Rae1 Qxf6 29. Re8+ Kf7 30. Qg4 Rd8 31. Qh5+ 1-0

[Event "Landsholdsklassen"]
[Site "Hillerød"]
[Date "2010.03.27"]
[Round "1"]
[White "Hansen, Sune Berg"]
[Black "Schandorff, Lars"]
[Result "1/2-1/2"]
[WhiteElo "2556"]
[BlackElo "2494"]
[PlyCount "53"]
[EventDate "2010.03.27"]
[EventRounds "1"]
[EventCountry "DEN"]
[SourceDate "2010.03.24"]

1. d4 Nf6 2. c4 g6 3. Nc3 d5 4. Nf3 Bg7 5. Qb3 dxc4 6. Qxc4 O-O 7. e4 Nc6 8.
Be2 Bg4 9. d5 Na5 10. Qb4 Bxf3 11. Bxf3 c6 12. O-O cxd5 13. exd5 Rc8 14. Rd1
Rc4 15. Qa3 Ne8 16. Ne4 Nd6 17. Nxd6 exd6 18. Rb1 b6 19. Be2 Re4 20. Bd3 Rd4
21. Be3 Rxd5 22. b4 Nc6 23. Be4 Rxd1+ 24. Rxd1 d5 25. Bxd5 Nd4 26. Bb3 Qe7 27.
Kf1 1/2-1/2

[Event "Landsholdsklassen"]
[Site "Hillerød"]
[Date "2010.03.27"]
[Round "1"]
[White "Antonsen, Mikkel Djernæs"]
[Black "Glud, Jacob Vang"]
[Result "1/2-1/2"]
[WhiteElo "2442"]
[BlackElo "2491"]
[PlyCount "103"]
[EventDate "2010.03.27"]
[EventRounds "1"]
[EventCountry "DEN"]
[SourceDate "2010.03.24"]

1. d4 d5 2. c4 c6 3. Nc3 Nf6 4. e3 g6 5. Nf3 Bg7 6. Be2 O-O 7. O-O Bg4 8. Qb3
Qb6 9. Qxb6 axb6 10. cxd5 Nxd5 11. Nxd5 cxd5 12. Bd2 Nc6 13. h3 Bf5 14. Bc3
Rfc8 15. Rfc1 Rc7 16. g4 Bd7 17. Ne5 Be8 18. Nd3 Rac8 19. f4 Na5 20. Kf2 Nc4
21. Bf3 Bb5 22. a4 Nxb2 23. Nxb2 Rxc3 24. Rxc3 Rxc3 25. axb5 Rc2+ 26. Be2 Rxb2
27. Ra7 f6 28. f5 Bh6 29. Rxb7 Kf7 30. Rxb6 Bg5 31. Kf3 Rb1 32. Rc6 Rb3 33. Re6
Bh4 34. b6 Be1 35. Ba6 Rb2 36. e4 Bf2 37. exd5 Bxd4 38. b7 Be5 39. Rc6 Bd6 40.
Ke4 Kg7 41. Kd3 Kh6 42. fxg6 hxg6 43. h4 f5 44. gxf5 gxf5 45. Kc4 Rb4+ 46. Kc3
Rb1 47. Rc8 Rb6 48. Rc6 Rb1 49. Kc2 Rb4 50. Kc3 Rb1 51. Kc2 Rb4 52. Kc3 1/2-1/2

[Event "Landsholdsklassen"]
[Site "Hillerød"]
[Date "2010.03.27"]
[Round "1"]
[White "Pedersen, Steffen"]
[Black "Fries Nielsen, Jens Ove"]
[Result "1/2-1/2"]
[WhiteElo "2432"]
[BlackElo "2432"]
[PlyCount "88"]
[EventDate "2010.03.27"]
[EventRounds "1"]
[EventCountry "DEN"]
[SourceDate "2010.03.24"]

1. d4 c5 2. d5 g6 3. c4 Bg7 4. g3 d6 5. Bg2 e6 6. Nc3 exd5 7. cxd5 Ne7 8. Nf3
O-O 9. O-O h6 10. Nd2 b6 11. a4 Ba6 12. Nb5 Nf5 13. e3 Nd7 14. Re1 Ne5 15. Bf1
Bxb5 16. axb5 Re8 17. Ra4 h5 18. b3 Ng4 19. h3 Nf6 20. Nb1 Qd7 21. Nc3 Nh7 22.
Bd2 Re7 23. h4 Nh6 24. Qc2 Ng4 25. Rea1 Ne5 26. Bg2 Nf6 27. R1a2 Neg4 28. e4
Nh7 29. Bh3 Bd4 30. Kg2 Qe8 31. Bf4 Nxf2 32. Bxd6 Rd7 33. Bxd7 Qxd7 34. Rxd4
cxd4 35. Qxf2 dxc3 36. Bb4 Re8 37. Qd4 Qxb5 38. Bxc3 f6 39. Rxa7 Qe2+ 40. Kg1
Rxe4 41. Ra8+ Kg7 42. Ra7+ Kg8 43. Ra8+ Kg7 44. Ra7+ Kg8 1/2-1/2

[Event "Landsholdsklassen"]
[Site "Hillerød"]
[Date "2010.03.28"]
[Round "2"]
[White "Andersen, Mads"]
[Black "Fries Nielsen, Jens Ove"]
[Result "1/2-1/2"]
[WhiteElo "2332"]
[BlackElo "2432"]
[PlyCount "22"]
[EventDate "2010.03.27"]
[EventRounds "1"]
[EventCountry "DEN"]
[SourceDate "2010.03.24"]

1. e4 g6 2. d4 Bg7 3. Nc3 Nc6 4. d5 Nb4 5. a3 Na6 6. Bc4 d6 7. Nge2 Nf6 8. Be3
O-O 9. f3 c5 10. O-O Nc7 11. b4 Nd7 1/2-1/2

[Event "Landsholdsklassen"]
[Site "Hillerød"]
[Date "2010.03.28"]
[Round "2"]
[White "Glud, Jacob Vang"]
[Black "Pedersen, Steffen"]
[Result "0-1"]
[WhiteElo "2491"]
[BlackElo "2432"]
[PlyCount "38"]
[EventDate "2010.03.27"]
[EventRounds "1"]
[EventCountry "DEN"]
[SourceDate "2010.03.24"]

1. d4 d5 2. c4 c6 3. Nf3 Nf6 4. Nc3 e6 5. g3 dxc4 6. Bg2 Nbd7 7. O-O Be7 8. e4
O-O 9. Qe2 b5 10. Rd1 Bb7 11. Bf4 Qc8 12. Rac1 a6 13. h4 Re8 14. Bh3 c5 15. d5
exd5 16. e5 d4 17. e6 Qc6 18. exd7 Nxd7 19. Re1 Nf6 0-1

[Event "Landsholdsklassen"]
[Site "Hillerød"]
[Date "2010.03.28"]
[Round "2"]
[White "Schandorff, Lars"]
[Black "Antonsen, Mikkel Djernæs"]
[Result "1/2-1/2"]
[WhiteElo "2494"]
[BlackElo "2442"]
[PlyCount "93"]
[EventDate "2010.03.27"]
[EventRounds "1"]
[EventCountry "DEN"]
[SourceDate "2010.03.24"]

1. Nf3 d5 2. d4 Nf6 3. c4 e6 4. g3 Be7 5. Bg2 O-O 6. Qc2 c5 7. dxc5 d4 8. b4 a5
9. Bb2 Nc6 10. b5 Nb4 11. Qd1 d3 12. O-O dxe2 13. Qxe2 Qd3 14. Nc3 Qxe2 15.
Nxe2 Nd3 16. Bd4 Nxc5 17. Ne5 Nfd7 18. Rfd1 Nxe5 19. Bxe5 f6 20. Bc7 a4 21. Nc3
f5 22. Rac1 a3 23. Be5 Kf7 24. Rc2 Re8 25. Re2 Ra7 26. Bb8 Ra8 27. Be5 Ra7 28.
Bc7 Ra8 29. h4 Bf6 30. Be5 Be7 31. Red2 Na4 32. Ne2 Nc5 33. Nc3 Na4 34. Ne2 Nc5
35. Nf4 Ra4 36. Rc2 Rd8 37. Rxd8 Bxd8 38. Bd6 Be7 39. Bxe7 Kxe7 40. Rc3 Kd6 41.
Bf1 e5 42. Nd5 Ne4 43. Re3 Kc5 44. g4 Be6 45. gxf5 Bxd5 46. cxd5 Nd6 47. Rxe5
1/2-1/2

[Event "Landsholdsklassen"]
[Site "Hillerød"]
[Date "2010.03.28"]
[Round "2"]
[White "Bromann, Thorbjørn"]
[Black "Hansen, Sune Berg"]
[Result "0-1"]
[WhiteElo "2439"]
[BlackElo "2556"]
[PlyCount "78"]
[EventDate "2010.03.27"]
[EventRounds "1"]
[EventCountry "DEN"]
[SourceDate "2010.03.24"]

1. e4 e6 2. d4 d5 3. exd5 exd5 4. Bd3 c5 5. dxc5 Bxc5 6. Nf3 Nf6 7. O-O O-O 8.
Nbd2 Nc6 9. c3 Bb6 10. Qa4 Ng4 11. Qc2 h6 12. Nb3 Qf6 13. Bd2 Bd7 14. Nbd4 Rfe8
15. Nxc6 bxc6 16. Rad1 Rad8 17. Qa4 c5 18. Bb5 Bxb5 19. Qxb5 c4 20. Rde1 Rxe1
21. Bxe1 Qe6 22. h3 Nf6 23. Nd2 Rb8 24. Qa4 Qe2 25. b3 Qd1 26. Nf3 Ne4 27. Ne5
Ng3 28. Qd7 Rf8 29. Qg4 Qxg4 30. hxg4 Re8 31. Nd7 Nxf1 32. Kxf1 Re7 33. Nb8 Re6
34. Nd7 Rd6 35. Ne5 Bc7 36. bxc4 Ra6 37. Nd3 dxc4 38. Nb2 Rxa2 39. Nxc4 a5 0-1

[Event "Landsholdsklassen"]
[Site "Hillerød"]
[Date "2010.03.28"]
[Round "2"]
[White "Aagaard Madsen, Jacob"]
[Black "Rasmussen, Allan Stig"]
[Result "0-1"]
[WhiteElo "2535"]
[BlackElo "2484"]
[PlyCount "74"]
[EventDate "2010.03.27"]
[EventRounds "1"]
[EventCountry "DEN"]
[SourceDate "2010.03.24"]

1. e4 c6 2. d4 d5 3. e5 Bf5 4. Nd2 e6 5. Nb3 Nd7 6. Nf3 h6 7. Be2 Ne7 8. a4 Qc7
9. O-O g5 10. a5 Bg7 11. c4 f6 12. Re1 O-O-O 13. a6 b6 14. c5 fxe5 15. cxb6
axb6 16. dxe5 c5 17. Be3 Kb8 18. Rc1 Nc6 19. Bb5 Na7 20. Bxd7 Rxd7 21. Nxc5
bxc5 22. Rxc5 Qd8 23. Qa4 Ka8 24. g4 Bd3 25. Nd4 Qe7 26. Nc6 Qxc5 27. Bxc5 Bb5
28. Qa5 Bxc6 29. Bxa7 Rxa7 30. Rc1 Bd7 31. Rc7 Bxe5 32. Rxa7+ Kxa7 33. Qe1 Bd4
34. Qb4 Bb6 35. Qe7 Rd8 36. b4 Kxa6 37. b5+ Bxb5 0-1

[Event "Landsholdsklassen"]
[Site "Hillerød"]
[Date "2010.03.29"]
[Round "3"]
[White "Rasmussen, Allan Stig"]
[Black "Andersen, Mads"]
[Result "1/2-1/2"]
[WhiteElo "2484"]
[BlackElo "2332"]
[PlyCount "81"]
[EventDate "2010.03.27"]
[EventRounds "1"]
[EventCountry "DEN"]
[SourceDate "2010.03.24"]

1. d4 Nf6 2. c4 g6 3. g3 Bg7 4. Bg2 d5 5. cxd5 Nxd5 6. Nf3 Nb6 7. Nc3 Nc6 8. e3
e5 9. d5 Ne7 10. e4 Bg4 11. h3 Bxf3 12. Qxf3 c6 13. O-O cxd5 14. exd5 Nf5 15.
d6 Rb8 16. Rd1 O-O 17. Qd3 Qd7 18. b3 Nd4 19. Ba3 f5 20. Rac1 Rbc8 21. Ne2 e4
22. Qd2 Nxe2+ 23. Qxe2 Rxc1 24. Bxc1 Rc8 25. f3 Nd5 26. Rxd5 Rxc1+ 27. Kh2 exf3
28. Bxf3 Bf6 29. b4 Kg7 30. Qd2 Rc6 31. a4 Bc3 32. Qf4 Bf6 33. Qd2 Bc3 34. Qf4
Bf6 35. Rd2 Rc3 36. h4 h6 37. Bg2 g5 38. hxg5 hxg5 39. Qf1 Be5 40. Rd3 Rxd3 41.
Qxd3 1/2-1/2

[Event "Landsholdsklassen"]
[Site "Hillerød"]
[Date "2010.03.29"]
[Round "3"]
[White "Antonsen, Mikkel Djernæs"]
[Black "Bromann, Thorbjørn"]
[Result "1-0"]
[WhiteElo "2442"]
[BlackElo "2439"]
[PlyCount "59"]
[EventDate "2010.03.27"]
[EventRounds "1"]
[EventCountry "DEN"]
[SourceDate "2010.03.24"]

1. d4 Nf6 2. c4 g6 3. Nc3 Bg7 4. e4 d6 5. Nf3 O-O 6. h3 Nbd7 7. Bg5 h6 8. Be3
a6 9. Qd2 Kh7 10. e5 Ne8 11. h4 e6 12. Bd3 h5 13. g4 dxe5 14. dxe5 hxg4 15. h5
Kg8 16. hxg6 Qe7 17. Bg5 f6 18. Bh6 f5 19. Ng5 Nxe5 20. Be2 Bxh6 21. Rxh6 Qg7
22. Nh7 f4 23. Rh5 Rf5 24. Rxf5 exf5 25. Qd5+ Kh8 26. O-O-O c6 27. Qd8 Qxg6 28.
Rh1 Kg7 29. Qe7+ Nf7 30. Qf8# 1-0

[Event "Landsholdsklassen"]
[Site "Hillerød"]
[Date "2010.03.29"]
[Round "3"]
[White "Pedersen, Steffen"]
[Black "Schandorff, Lars"]
[Result "1/2-1/2"]
[WhiteElo "2432"]
[BlackElo "2494"]
[PlyCount "30"]
[EventDate "2010.03.27"]
[EventRounds "1"]
[EventCountry "DEN"]
[SourceDate "2010.03.24"]

1. d4 Nf6 2. c4 g6 3. Nc3 d5 4. Nf3 Bg7 5. Qb3 dxc4 6. Qxc4 O-O 7. e4 Nc6 8.
Be2 Bg4 9. d5 Na5 10. Qb4 Bxf3 11. Bxf3 c6 12. O-O cxd5 13. exd5 Rc8 14. Re1
Re8 15. Be3 b6 1/2-1/2

[Event "Landsholdsklassen"]
[Site "Hillerød"]
[Date "2010.03.29"]
[Round "3"]
[White "Fries Nielsen, Jens Ove"]
[Black "Glud, Jacob Vang"]
[Result "1-0"]
[WhiteElo "2432"]
[BlackElo "2491"]
[PlyCount "95"]
[EventDate "2010.03.27"]
[EventRounds "1"]
[EventCountry "DEN"]
[SourceDate "2010.03.24"]

1. b3 d5 2. Bb2 Bg4 3. g3 Nd7 4. Bg2 c6 5. f4 e6 6. Nf3 Ngf6 7. O-O Bc5+ 8. e3
a5 9. h3 Bxf3 10. Qxf3 a4 11. Nc3 a3 12. Bc1 O-O 13. g4 e5 14. g5 Ne8 15. h4 f5
16. Rb1 Qe7 17. Ne2 e4 18. Qf2 Nd6 19. d4 exd3 20. cxd3 Rae8 21. d4 Bb4 22. Ng3
Nb5 23. Qc2 g6 24. Bf3 Nb6 25. Kg2 Nc8 26. h5 Ncd6 27. Rh1 Kg7 28. Rh3 Be1 29.
Ne2 Ne4 30. Bxe4 Qxe4+ 31. Qxe4 Rxe4 32. hxg6 hxg6 33. b4 Rfe8 34. Rb3 Rh8 35.
Rxh8 Kxh8 36. Kf1 Bh4 37. Rd3 Re7 38. Ng1 Rh7 39. Nf3 b6 40. Kg2 Kg8 41. Bd2
Rh5 42. Rb3 Kg7 43. Bc1 Rh7 44. Bxa3 Nd6 45. b5 Nxb5 46. Be7 Kg8 47. a4 Na7 48.
Bf6 1-0

[Event "Landsholdsklassen"]
[Site "Hillerød"]
[Date "2010.03.30"]
[Round "4"]
[White "Andersen, Mads"]
[Black "Glud, Jacob Vang"]
[Result "1-0"]
[WhiteElo "2332"]
[BlackElo "2491"]
[PlyCount "151"]
[EventDate "2010.03.27"]
[EventRounds "1"]
[EventCountry "DEN"]
[SourceDate "2010.03.24"]

1. e4 e5 2. Nf3 Nc6 3. Bb5 Nf6 4. O-O Nxe4 5. d4 Nd6 6. Bxc6 dxc6 7. dxe5 Nf5
8. Qxd8+ Kxd8 9. Nc3 Ke8 10. h3 h5 11. Bg5 Be6 12. a3 h4 13. Ne2 Bd5 14. Rad1
Bxf3 15. gxf3 Rh5 16. Bf4 Rc8 17. Rfe1 Bc5 18. Bh2 Rh6 19. Kf1 a5 20. c3 a4 21.
Nf4 Rd8 22. Rxd8+ Kxd8 23. Nd3 Be7 24. Re4 b5 25. Bf4 Rh8 26. Be3 Kc8 27. Ke2
Re8 28. Bc5 Bg5 29. f4 Bd8 30. Kf3 Re6 31. Re1 g6 32. Nb4 Kd7 33. Nc2 Re8 34.
Rd1+ Ke6 35. Nb4 Be7 36. Na6 Rc8 37. Ke4 Nd6+ 38. exd6 cxd6 39. Bb6 c5 40. c4
bxc4 41. Nc7+ Kd7 42. Nd5 f5+ 43. Kf3 Rb8 44. Nxe7 Rxb6 45. Nxg6 Rb3+ 46. Kg2
Ke6 47. Rc1 d5 48. Rc2 d4 49. Rxc4 Kd5 50. Ne5 Rxb2 51. Rxa4 Rc2 52. Ra8 c4 53.
Rd8+ Kc5 54. Nf3 d3 55. Nxh4 d2 56. Nxf5 c3 57. Ne3 Rc1 58. Kf3 Re1 59. f5 c2
60. Nxc2 d1=Q+ 61. Rxd1 Rxd1 62. Ne3 Ra1 63. Kf4 Kd6 64. Kg5 Ke7 65. Ng4 Rxa3
66. h4 Ra8 67. Ne5 Ra2 68. f4 Rg2+ 69. Ng4 Rg1 70. h5 Kf7 71. h6 Rg3 72. f6 Kg8
73. Kf5 Rg1 74. Ne5 Rf1 75. f7+ Kh7 76. Ng4 1-0

[Event "Landsholdsklassen"]
[Site "Hillerød"]
[Date "2010.03.30"]
[Round "4"]
[White "Bromann, Thorbjørn"]
[Black "Pedersen, Steffen"]
[Result "1/2-1/2"]
[WhiteElo "2439"]
[BlackElo "2432"]
[PlyCount "87"]
[EventDate "2010.03.27"]
[EventRounds "1"]
[EventCountry "DEN"]
[SourceDate "2010.03.24"]

1. e4 e5 2. Nf3 Nc6 3. Bc4 Bc5 4. c3 Nf6 5. d3 a6 6. Bb3 d6 7. O-O Ba7 8. Be3
O-O 9. Nbd2 Ne7 10. Nh4 Kh8 11. Bxa7 Rxa7 12. Qe2 Ng4 13. h3 Nh6 14. d4 Nc6 15.
Nhf3 Qe7 16. Rfe1 Bd7 17. Nc4 Raa8 18. dxe5 dxe5 19. Ne3 Rae8 20. Rad1 Qd8 21.
Rd2 Qc8 22. Red1 Rd8 23. Kh2 f6 24. Rxd7 Rxd7 25. Be6 Rff7 26. Qc4 Qe8 27. Bxd7
Rxd7 28. Rxd7 Qxd7 29. Qd5 Qe7 30. b4 g6 31. a4 Nf7 32. Nd2 Kg7 33. Nb3 Ncd8
34. Nc4 c6 35. Qd3 Ne6 36. g3 Kf8 37. Kg2 Ke8 38. Nba5 Ned8 39. h4 Qd7 40. Qf3
Ke7 41. Qe3 Ke8 42. Nb3 Ne6 43. Nb2 g5 44. h5 1/2-1/2

[Event "Landsholdsklassen"]
[Site "Hillerød"]
[Date "2010.03.30"]
[Round "4"]
[White "Aagaard Madsen, Jacob"]
[Black "Antonsen, Mikkel Djernæs"]
[Result "1-0"]
[WhiteElo "2535"]
[BlackElo "2442"]
[PlyCount "45"]
[EventDate "2010.03.27"]
[EventRounds "1"]
[EventCountry "DEN"]
[SourceDate "2010.03.24"]

1. e4 e5 2. f4 Bc5 3. Nf3 d6 4. Nc3 Nf6 5. Bc4 Nc6 6. d3 Bg4 7. Na4 O-O 8. Nxc5
dxc5 9. O-O Qd6 10. Qd2 Bxf3 11. gxf3 Rad8 12. Kh1 Nh5 13. fxe5 Nxe5 14. Qg5
Nxc4 15. Qxh5 Ne5 16. f4 Nc6 17. f5 Rfe8 18. Rf3 h6 19. Bf4 Qf6 20. Rg1 Kh7 21.
Rfg3 Rg8 22. Rg6 fxg6 23. fxg6+ 1-0

[Event "Landsholdsklassen"]
[Site "Hillerød"]
[Date "2010.03.30"]
[Round "4"]
[White "Rasmussen, Allan Stig"]
[Black "Hansen, Sune Berg"]
[Result "1/2-1/2"]
[WhiteElo "2484"]
[BlackElo "2556"]
[PlyCount "44"]
[EventDate "2010.03.27"]
[EventRounds "1"]
[EventCountry "DEN"]
[SourceDate "2010.03.24"]

1. e4 e5 2. Nf3 Nc6 3. Bb5 Nf6 4. O-O Nxe4 5. d4 Be7 6. Qe2 Nd6 7. Bxc6 bxc6 8.
dxe5 Nb7 9. Re1 O-O 10. Nc3 Nc5 11. Be3 Ne6 12. Rad1 d5 13. exd6 cxd6 14. Nd4
Nxd4 15. Bxd4 Re8 16. Qf3 Bd7 17. Ne4 d5 18. Qg3 f6 19. Nd6 Bxd6 20. Qxd6 Bg4
21. Qxd8 Raxd8 22. f3 Bf5 1/2-1/2

[Event "Landsholdsklassen"]
[Site "Hillerød"]
[Date "2010.03.31"]
[Round "5"]
[White "Hansen, Sune Berg"]
[Black "Andersen, Mads"]
[Result "1-0"]
[WhiteElo "2556"]
[BlackElo "2332"]
[PlyCount "95"]
[EventDate "2010.03.27"]
[EventRounds "1"]
[EventCountry "DEN"]
[SourceDate "2010.03.24"]

1. d4 Nf6 2. Nf3 g6 3. Nbd2 d5 4. e3 Bg7 5. b4 O-O 6. Bb2 c6 7. c4 Be6 8. Be2
h6 9. O-O Nbd7 10. a4 a5 11. b5 c5 12. Rc1 Rc8 13. h3 dxc4 14. Nxc4 Bd5 15.
Nfe5 cxd4 16. Bxd4 e6 17. Nd2 b6 18. Nc6 Qe8 19. Nc4 Bxc4 20. Rxc4 Nd5 21. Bf3
Bxd4 22. Qxd4 Ne7 23. Rd1 Nc5 24. Qh4 Nf5 25. Qf6 Nd7 26. Qc3 Nc5 27. Qf6 Nd7
28. Qa1 Nc5 29. g4 Ne7 30. Qf6 Nxc6 31. Bxc6 Rxc6 32. bxc6 Qxc6 33. Rd8 Rxd8
34. Qxd8+ Kg7 35. Rf4 e5 36. Rc4 Qf3 37. Qd6 e4 38. Qe5+ Kh7 39. Qf4 Qxf4 40.
exf4 f5 41. f3 exf3 42. Rd4 Kg7 43. Kf2 g5 44. fxg5 hxg5 45. Kxf3 f4 46. Rd5
Nxa4 47. Rxg5+ Kh6 48. Rb5 1-0

[Event "Landsholdsklassen"]
[Site "Hillerød"]
[Date "2010.03.31"]
[Round "5"]
[White "Antonsen, Mikkel Djernæs"]
[Black "Rasmussen, Allan Stig"]
[Result "0-1"]
[WhiteElo "2442"]
[BlackElo "2484"]
[PlyCount "58"]
[EventDate "2010.03.27"]
[EventRounds "1"]
[EventCountry "DEN"]
[SourceDate "2010.03.24"]

1. d4 d5 2. c4 dxc4 3. e4 Nf6 4. e5 Nd5 5. Bxc4 Nb6 6. Bb3 Nc6 7. Ne2 Bf5 8.
Nbc3 e6 9. O-O Qd7 10. Be3 O-O-O 11. Bc2 Bxc2 12. Qxc2 f5 13. a3 Be7 14. b4 g5
15. b5 Na5 16. a4 Kb8 17. Rfd1 Nbc4 18. Bd2 h5 19. Be1 h4 20. d5 h3 21. Nd4
hxg2 22. Nxe6 Nxe5 23. Qxf5 Nac4 24. Nd4 Qe8 25. h3 Qh5 26. Qe4 g4 27. Qxg2
gxh3 28. Qe4 Rdg8+ 29. Kh1 Qg5 0-1

[Event "Landsholdsklassen"]
[Site "Hillerød"]
[Date "2010.03.31"]
[Round "5"]
[White "Pedersen, Steffen"]
[Black "Aagaard Madsen, Jacob"]
[Result "1/2-1/2"]
[WhiteElo "2432"]
[BlackElo "2535"]
[PlyCount "59"]
[EventDate "2010.03.27"]
[EventRounds "1"]
[EventCountry "DEN"]
[SourceDate "2010.03.24"]

1. d4 Nf6 2. c4 e6 3. Nf3 b6 4. g3 Ba6 5. b3 Bb4+ 6. Bd2 Be7 7. Bg2 c6 8. Bc3
d5 9. Ne5 Nfd7 10. Nxd7 Nxd7 11. Nd2 O-O 12. O-O Rc8 13. e4 c5 14. exd5 exd5
15. dxc5 dxc4 16. c6 cxb3 17. Re1 Bb5 18. Nxb3 Bxc6 19. Bxg7 Kxg7 20. Nd4 Bxg2
21. Nf5+ Kh8 22. Rxe7 Bh3 23. Qd4+ Ne5 24. Qxe5+ f6 25. Qe2 Bxf5 26. Rd1 Bg4
27. Rxd8 Bxe2 28. Rxf8+ Rxf8 29. Rxe2 Rf7 30. Kg2 1/2-1/2

[Event "Landsholdsklassen"]
[Site "Hillerød"]
[Date "2010.03.31"]
[Round "5"]
[White "Fries Nielsen, Jens Ove"]
[Black "Bromann, Thorbjørn"]
[Result "1/2-1/2"]
[WhiteElo "2432"]
[BlackElo "2439"]
[PlyCount "54"]
[EventDate "2010.03.27"]
[EventRounds "1"]
[EventCountry "DEN"]
[SourceDate "2010.03.24"]

1. d4 d5 2. Nf3 Nf6 3. e3 c6 4. c4 a6 5. b4 Bg4 6. Nbd2 Nbd7 7. Be2 e6 8. c5 b6
9. O-O Qc7 10. Bb2 a5 11. a3 Be7 12. Qc2 Bf5 13. Bd3 Bxd3 14. Qxd3 O-O 15. Bc3
Qb7 16. Rfb1 axb4 17. axb4 Rxa1 18. Rxa1 Ra8 19. Qb1 Ra6 20. Qf1 Ra7 21. h3 h6
22. Qb1 Qa8 23. Rxa7 Qxa7 24. Ne1 Ne8 25. Qa1 Qxa1 26. Bxa1 Bf6 27. Nb3 bxc5
1/2-1/2

[Event "Landsholdsklassen"]
[Site "Hillerød"]
[Date "2010.03.31"]
[Round "5"]
[White "Glud, Jacob Vang"]
[Black "Schandorff, Lars"]
[Result "1/2-1/2"]
[WhiteElo "2491"]
[BlackElo "2494"]
[PlyCount "25"]
[EventDate "2010.03.27"]
[EventRounds "1"]
[EventCountry "DEN"]
[SourceDate "2010.03.24"]

1. c4 c6 2. d4 d5 3. Nf3 Nf6 4. Nc3 a6 5. e3 b5 6. b3 Bg4 7. Be2 e6 8. O-O Nbd7
9. h3 Bh5 10. Bb2 Bd6 11. Ne5 Bxe2 12. Nxe2 bxc4 13. bxc4 1/2-1/2

[Event "Landsholdsklassen"]
[Site "Hillerød"]
[Date "2010.04.01"]
[Round "6"]
[White "Andersen, Mads"]
[Black "Schandorff, Lars"]
[Result "1/2-1/2"]
[WhiteElo "2332"]
[BlackElo "2494"]
[PlyCount "31"]
[EventDate "2010.03.27"]
[EventRounds "1"]
[EventCountry "DEN"]
[SourceDate "2010.03.24"]

1. e4 e5 2. Nf3 Nc6 3. Bb5 Nf6 4. d3 Bc5 5. O-O Nd4 6. Nxd4 Bxd4 7. c3 Bb6 8.
Nd2 c6 9. Ba4 d6 10. h3 h6 11. Re1 g5 12. Nc4 Bc7 13. Ne3 Be6 14. Qf3 h5 15. h4
g4 16. Qe2 1/2-1/2

[Event "Landsholdsklassen"]
[Site "Hillerød"]
[Date "2010.04.01"]
[Round "6"]
[White "Bromann, Thorbjørn"]
[Black "Glud, Jacob Vang"]
[Result "1-0"]
[WhiteElo "2439"]
[BlackElo "2491"]
[PlyCount "41"]
[EventDate "2010.03.27"]
[EventRounds "1"]
[EventCountry "DEN"]
[SourceDate "2010.03.24"]

1. e4 e5 2. Nf3 Nc6 3. Bc4 Bc5 4. b4 Bxb4 5. c3 Bd6 6. d4 Nf6 7. O-O O-O 8.
dxe5 Bxe5 9. Ng5 d5 10. exd5 Na5 11. Bd3 h6 12. f4 Bd6 13. Ne4 Nxe4 14. Bxe4
Re8 15. Bc2 Qh4 16. Qd3 Bc5+ 17. Kh1 Bf5 18. Qxf5 Re1 19. Qh7+ Kf8 20. Nd2 Qf2
21. Ba3 1-0

[Event "Landsholdsklassen"]
[Site "Hillerød"]
[Date "2010.04.01"]
[Round "6"]
[White "Aagaard Madsen, Jacob"]
[Black "Fries Nielsen, Jens Ove"]
[Result "1-0"]
[WhiteElo "2535"]
[BlackElo "2432"]
[PlyCount "67"]
[EventDate "2010.03.27"]
[EventRounds "1"]
[EventCountry "DEN"]
[SourceDate "2010.03.24"]

1. e4 c5 2. Nf3 e6 3. Nc3 a6 4. d4 cxd4 5. Nxd4 Qc7 6. Be2 b6 7. O-O Bb7 8. f4
Nf6 9. e5 Ne4 10. Nxe4 Bxe4 11. Bf3 Bxf3 12. Qxf3 Nc6 13. Nxc6 Qxc6 14. Qxc6
dxc6 15. Be3 c5 16. Rfd1 Be7 17. Kf2 Rd8 18. Ke2 f6 19. exf6 Bxf6 20. c3 Ke7
21. a4 Rxd1 22. Rxd1 Rc8 23. g4 g6 24. Kf3 Rc6 25. Ke4 Rd6 26. Rg1 Kf7 27. Rc1
c4 28. Rb1 b5 29. axb5 axb5 30. Ra1 b4 31. Ra7+ Kg8 32. cxb4 Rd5 33. Rc7 Bxb2
34. Rxc4 1-0

[Event "Landsholdsklassen"]
[Site "Hillerød"]
[Date "2010.04.01"]
[Round "6"]
[White "Rasmussen, Allan Stig"]
[Black "Pedersen, Steffen"]
[Result "1-0"]
[WhiteElo "2484"]
[BlackElo "2432"]
[PlyCount "77"]
[EventDate "2010.03.27"]
[EventRounds "1"]
[EventCountry "DEN"]
[SourceDate "2010.03.24"]

1. e4 e5 2. Nf3 Nc6 3. Bb5 g6 4. O-O Bg7 5. c3 Nge7 6. d4 exd4 7. cxd4 d5 8.
exd5 Nxd5 9. Re1+ Be6 10. Bg5 Qd6 11. Nbd2 O-O 12. Ne4 Qb4 13. Bxc6 bxc6 14.
Qc1 Rfe8 15. Bd2 Qb6 16. Nc5 Bf5 17. b3 Nb4 18. Na4 Qb5 19. Bxb4 Qxb4 20. Qxc6
Red8 21. Rac1 Rac8 22. Nc3 Qb6 23. Nd5 Qxc6 24. Ne7+ Kf8 25. Rxc6 Bd7 26. Rc5
Ra8 27. Rxc7 Be8 28. d5 Bf6 29. h4 h6 30. Re4 a5 31. g4 a4 32. b4 Ra6 33. Nc6
Rda8 34. g5 hxg5 35. hxg5 Bb2 36. Rf4 Kg8 37. Kg2 a3 38. b5 Rb6 39. d6 1-0